BUBT Library Online Catalog

Global Marketing Management (Record no. 1846)

000 -LEADER
fixed length control field 00383nam a2200157Ia 4500
008 - FIXED-LENGTH DATA ELEMENTS--GENERAL INFORMATION
fixed length control field 151213s9999 xx 000 0 und d
100 ## - MAIN ENTRY--PERSONAL NAME
Personal name W. J.Keegan
245 ## - TITLE STATEMENT
Title Global Marketing Management
Statement of responsibility, etc. W. J.Keegan
250 ## - EDITION STATEMENT
Edition statement 5th
260 ## - PUBLICATION, DISTRIBUTION, ETC. (IMPRINT)
Place of publication, distribution, etc. New Jersey
Name of publisher, distributor, etc. Prentic Hall
Date of publication, distribution, etc. 1995
300 ## - PHYSICAL DESCRIPTION
Extent 2735 p.
650 ## - SUBJECT ADDED ENTRY--TOPICAL TERM
Topical term or geographic name as entry element Marketing
650 ## - SUBJECT ADDED ENTRY--TOPICAL TERM
Topical term or geographic name as entry element Marketing
700 ## - ADDED ENTRY--PERSONAL NAME
Personal name W. J.Keegan
Holdings
Withdrawn status Lost status Source of classification or shelving scheme Damaged status Not for loan Permanent location Current location Shelving location Date acquired Total Checkouts Full call number Barcode Date last seen Copy number Price effective from Koha item type
          Bangladesh University of Business and Technology Library Bangladesh University of Business and Technology Library Marketing Stacks 08/10/2017   658.8 BUBTL-20032634 08/10/2017 C-1 08/10/2017 Books

More Information About Library

Library Hours

  • Open: 9.00 am. to 9.00 pm.
  • Only Sunday: 9.00 am. to 6.00 pm.
  • Closed: Holiday

Contact to the University

Bangladesh University of Business and Technology Library

  • Mirpurl-2, 1216.
  • Phone:
  • Fax:
  • E-Mail: admin.library@bubt.edu.bd

Contact to the Library

Contact Person:

Md. Abdul Hakim Shah
Joint Librarian
PABX No:  113
Cell No: 01816332931
E-mail: official: admin.library@bubt.edu.bd
Personal: hakim.shah@bubt.edu.bd


BUBT Library

Copyright © 2021